| 000 | 00722nam a2200217 a 4500 | ||
|---|---|---|---|
| 003 | 0 | ||
| 005 | 20250220111142.0 | ||
| 008 | 110617s19uu xx 00 eng d | ||
| 050 |
_aPHS P 94.7 _b.N11 2011 |
||
| 100 | _aNa, Hyun Oh. | ||
| 245 |
_aGender and social networking / _cNa Hyun Oh. |
||
| 260 |
_aLas PiƱas City, Philippines : _bSouthville International School and Colleges, _c2011. |
||
| 300 |
_a25 pages : _billustrations ; _c28 cm. |
||
| 504 | _aIncludes bibliographical references. | ||
| 650 | _aGender identity. | ||
| 650 | _aSocial networks. | ||
| 650 | _aOnline social networks. | ||
| 650 |
_aCommunication _xSex differences. |
||
| 650 |
_aInterpersonal relations _xSex differences. |
||
| 942 |
_2lcc _cPASS |
||
| 999 |
_c98508 _d98508 |
||